=LDR 00000nam 2200000 4500 =001 INLIS000000000036175 =005 20130612141957 =008 ***********************************Ind** =035 ##$$0010-061300000036175 =041 ##$$a Ind =082 ##$$a 636.8 =090 ##$$a 636.8, Yul h =100 ##$$a Yuliarti, Nurheti =245 ##$$a Hidup sehat besama kucing kesayangan, Nurheti Yuliarti =260 ##$$a 2010 $b Jakarta =300 ##$$a 110 hlm, ilus, 23 cm =650 ##$$a Kucing =850 ##$$a NBPNMAT